000 03372aam a2200373 i 4500
001 768714001
003 CO-MdFUSB
005 20240417105600.0
007 cr aa uaaaa
008 240416t2011 -us |||| |||| 00| spa d
020 _a9781616383268
_q[electrónico]
040 _cCO-MdFUSB
041 0 _aspa
082 0 4 _a220
100 1 _aGrady, J. Lee.
_eautor
245 1 0 _a10 mentiras que los hombres creen :
_bla verdad sobre las mujeres, el poder, el sexo, Dios y porqué importan
_c/ J. Lee Grady
_h[electrónico]
264 1 _bCasa Creación,
_aEstados Unidos :
_c[2011]
264 4 _c©2011
300 _a100 páginas
336 _2rdacontent
_atexto
_btxt
337 _2rdamedia
_ainformático
_bc
338 _2rdacarrier
_aremoto
_bcr
505 _t Introducción: ¿Le han lavado el cerebro? Mentira N° 1: Dios hizo a los hombres superiores a las mujeres. -- Mentira N° 2: Un hombre no puede tener una buena relación con su padre. -- Mentira N° 3: Un verdadero hombre se define por el éxito material. -- Mentira N° 4: El hombre es el “jefe” supremo de su familia. -- Mentira N° 5: El sexo es principalmente para el goce del hombre, no de la mujer. -- Mentira N° 6: Está bien que un hombre golpee o abuse de una mujer. -- Mentira N° 7: Los verdaderos hombres no necesitan amistades masculinas íntimas. -- Mentira N° 8: Un hombre nunca debe admitir sus debilidades. -- Mentira N° 9: Los verdaderos hombres no lloran. -- Mentira N° 10: Un hombre nunca debe recibir ministración espiritual de una mujer. -- Conclusión: El viaje de debilucho a guerrero. -- Apéndice: El secreto del poder espiritual para cada hombre.
505 _t
_a
506 _aSolicitar clave y usuario para acceder al libro electrónico.
520 _a10 mentiras que los hombres creen hecha un vistazo de manera compasiva, pero contenciosa a las razones por las cuales tantos hombres cristianos hoy en día están en serias crisis. El autor, que ha pasado ocho años confrontando el abuso a las mujeres en más de 20 países, cree que los hombres están fallando en el matrimonio, la paternidad, la amistad y sus profesiones debido a diez erróneas formas de pensar que han sido heredadas de la cultura.Para que los hombres se sobrepongan a problemas como el orgullo, la inseguridad, el divorcio, la inmoralidad sexual y la disfunción emocional, tiene que renunciar a las mentiras de la cultura y abrazar la verdad de la Palabra de Dios, la cual tiene el poder de renovar nuestras mentes (Romanos 12:2).Con profunda sinceridad, el autor presenta respuestas prácticas para los hombres que luchan con una variedad de asuntos como lo son la adicción, las tendencias abusivas, la pornografía, el comportamiento controlador y los problemas emocionales cuya raíz es la falta de una buena figura paterna. El libro también es un excelente recurso para las mujeres que han sufrido por el maltrato de los hombres en su vida.
650 0 _aVida cristiana
_919
653 _aInterpretación bíblica
856 _b2419641
_uhttps://web.p.ebscohost.com/ehost/detail/detail?vid=15&sid=8831ff61-7f75-483c-ab20-f69c4746555d%40redis&bdata=Jmxhbmc9ZXMmc2l0ZT1laG9zdC1saXZl#AN=2419641&db=nlebk
_zAbrir Versión electrónica del libro AQUÏ
942 _cEBK
945 _aJTF-925
999 _c69347
_d69347